[Event "Quebec op"]
[Site "Montreal CAN"]
[Date "2012.07.28"]
[Round "9"]
[White "Gagnon, Serge"]
[Black "Le Duin, Thierry"]
[Result "0-1"]
[WhiteElo "2027"]
[BlackElo "1938"]
[PlyCount "138"]
[GameId "2160767909442212"]
[EventDate "2012.07.21"]
[EventType "swiss"]
[EventRounds "9"]
[EventCountry "CAN"]
[SourceTitle "EXT 2022"]
[Source "ChessBase"]
[SourceDate "2021.10.06"]
[SourceVersion "1"]
[SourceVersionDate "2021.10.06"]
[SourceQuality "1"]

1. d4 d5 2. c4 c6 3. Nf3 Nf6 4. Nc3 Bg4 5. Ne5 Bh5 6. Qb3 Qb6 7. Qxb6 axb6 8. cxd5 Nxd5 9. Nxd5 cxd5 10. g4 Bg6 11. e3 e6 12. Bb5+ Kd8 13. h4 f6 14. Nxg6 hxg6 15. f4 Nc6 16. Ke2 Bd6 17. Bd2 Kd7 18. Bc3 Ke7 19. Kd2 Nb4 20. a3 Nc6 21. Bd3 f5 22. h5 Kf6 23. hxg6 Kxg6 24. gxf5+ exf5 25. Rhg1+ Kf6 26. Rg2 g6 27. Rag1 Rh6 28. Rg3 Rh2+ 29. R1g2 Rxg2+ 30. Rxg2 Rh8 31. Kc2 Rh3 32. Bd2 Ne7 33. Bf1 Rh1 34. Rf2 Ke6 35. Bg2 Rg1 36. Kd3 Ng8 37. Ke2 Nf6 38. Bf3 Kf7 39. Rh2 Rb1 40. Bc3 Kg7 41. Kd3 Rf1 42. Rh3 Rf2 43. Be2 Ne4 44. Be1 Rg2 45. Rh1 Be7 46. Bh4 Bxh4 47. Rxh4 Rf2 48. Rh1 Rxe2 49. Kxe2 Ng3+ 50. Kf2 Nxh1+ 51. Kg2 Kf6 52. Kxh1 g5 53. fxg5+ Kxg5 54. Kg2 f4 55. Kf3 fxe3 56. a4 e2 57. Kxe2 Kf4 58. Kd3 Kf3 59. Kc3 Ke3 60. Kb4 Kxd4 61. Kb5 Ke4 62. Kxb6 d4 63. Kxb7 d3 64. b4 d2 65. a5 d1=Q 66. b5 Qd5+ 67. Ka6 Qa8+ 68. Kb6 Kd5 69. a6 Qb8+ 0-1

[Event "Quebec op"]
[Site "Montreal CAN"]
[Date "2012.07.28"]
[Round "9"]
[White "Gedajlovic, Max"]
[Black "Ye, Stephen"]
[Result "0-1"]
[WhiteElo "1817"]
[BlackElo "1913"]
[PlyCount "88"]
[GameId "2160767909442213"]
[EventDate "2012.07.21"]
[EventType "swiss"]
[EventRounds "9"]
[EventCountry "CAN"]
[SourceTitle "EXT 2022"]
[Source "ChessBase"]
[SourceDate "2021.10.06"]
[SourceVersion "1"]
[SourceVersionDate "2021.10.06"]
[SourceQuality "1"]

1. d4 Nf6 2. c4 g6 3. Nc3 Bg7 4. e4 d6 5. f3 O-O 6. Be3 c5 7. Nge2 cxd4 8. Nxd4 Nc6 9. Qd2 Bd7 10. Be2 a5 11. g4 Rc8 12. h4 Ne5 13. b3 h5 14. g5 Nh7 15. f4 Ng4 16. Bxg4 Bxg4 17. Rc1 e5 18. Ndb5 Rc6 19. Nd5 exf4 20. Bxf4 Bf3 21. O-O Bxe4 22. Nxd6 Bxd5 23. Qxd5 Qd7 24. Ne4 Qg4+ 25. Bg3 Re6 26. Rf4 Qh3 27. Rf3 Be5 28. Nf2 Qxg3+ 29. Rxg3 Bxg3 30. Qxb7 Bxh4 31. c5 Nxg5 32. Rc4 Bxf2+ 33. Kxf2 Rfe8 34. Rc2 Rf6+ 35. Kg2 Rf4 36. Rf2 Rg4+ 37. Kh2 Rh4+ 38. Kg3 Rg4+ 39. Kh2 Re3 40. Qc8+ Kg7 41. Rxf7+ Kxf7 42. Qd7+ Kg8 43. Qd5+ Kh7 44. Qf7+ Nxf7 0-1

[Event "Quebec op"]
[Site "Montreal CAN"]
[Date "2012.07.28"]
[Round "9"]
[White "Gilbert, Erick"]
[Black "Fradet, Charles-William"]
[Result "0-1"]
[WhiteElo "1808"]
[BlackElo "1658"]
[PlyCount "132"]
[GameId "2160767909442214"]
[EventDate "2012.07.21"]
[EventType "swiss"]
[EventRounds "9"]
[EventCountry "CAN"]
[SourceTitle "hb 2012"]

1. Nf3 d5 2. d4 Nf6 3. c3 Nbd7 4. Bg5 h6 5. Bh4 e6 6. e3 Be7 7. Nbd2 c5 8. Bd3 b6 9. Bb5 O-O 10. Bc6 Rb8 11. Bg3 Ba6 12. Qa4 Qc8 13. Bxb8 Nxb8 14. Bb5 Nfd7 15. Bxa6 Nxa6 16. O-O f5 17. Ne5 Nxe5 18. dxe5 c4 19. Nf3 f4 20. exf4 Rxf4 21. Rad1 Rxf3 22. gxf3 Qf8 23. Kg2 Nc5 24. Qc2 Qf7 25. Rg1 Qh5 26. Qe2 Ne4 27. Kf1 Ng5 28. Rg3 Qxh2 29. Ke1 Bc5 30. Qf1 Qh4 31. Rd2 Qf4 32. Qe2 h5 33. b4 cxb3 34. axb3 h4 35. Rxg5 Qxg5 36. b4 Bf8 37. Kd1 h3 38. Kc2 Qg2 39. Rd1 Be7 40. Qf1 Qg6+ 41. Qd3 Qg2 42. Qf1 Qh2 43. Rd4 Bg5 44. Rg4 Qxe5 45. Rxg5 Qxg5 46. Qxh3 Qe5 47. Qg3 Qf5+ 48. Kd2 e5 49. Qg4 g6 50. Qh4 g5 51. Qh5 Kg7 52. Qe8 Qxf3 53. Qxe5+ Kg6 54. Qe6+ Kh5 55. Qe8+ Kg4 56. Qe6+ Qf5 57. f3+ Kf4 58. Qe3+ Kg3 59. f4+ Kg4 60. fxg5 Qxg5 61. Qxg5+ Kxg5 62. Kd3 Kf5 63. Kd4 Ke6 64. b5 Kd6 65. c4 dxc4 66. Kxc4 Ke5 0-1

[Event "Quebec op"]
[Site "Montreal CAN"]
[Date "2012.07.28"]
[Round "9"]
[White "Greeff, Melissa"]
[Black "Kleinman, Michael"]
[Result "0-1"]
[WhiteElo "2091"]
[BlackElo "2284"]
[PlyCount "48"]
[GameId "2160767909442215"]
[EventDate "2012.07.21"]
[EventType "swiss"]
[EventRounds "9"]
[EventCountry "CAN"]

1. e4 c5 2. Nf3 d6 3. d3 Nc6 4. g3 Nf6 5. Bg2 e5 6. c3 Be7 7. O-O O-O 8. Re1 Re8 9. h3 Bf8 10. Nbd2 d5 11. exd5 Nxd5 12. Nc4 f6 13. a4 Be6 14. Kh2 Qd7 15. Qc2 Rad8 16. Bf1 b6 17. Be3 Kh8 18. Rad1 Qf7 19. Bc1 a6 20. d4 cxd4 21. cxd4 Ndb4 22. Qe2 exd4 23. Nxb6 Bd5 24. Be3 d3 0-1

[Event "Quebec op"]
[Site "Montreal CAN"]
[Date "2012.07.28"]
[Round "9"]
[White "Hansen, Eric"]
[Black "Vera, Reynaldo"]
[Result "1/2-1/2"]
[WhiteElo "2460"]
[BlackElo "2489"]
[PlyCount "57"]
[GameId "2160767909442216"]
[EventDate "2012.07.21"]
[EventType "swiss"]
[EventRounds "9"]
[EventCountry "CAN"]
[SourceTitle "CBM 149 Extra"]
[Source "ChessBase"]
[SourceDate "2012.08.24"]
[SourceVersion "1"]
[SourceVersionDate "2012.08.24"]
[SourceQuality "1"]

1. e4 c5 2. Nf3 d6 3. d4 cxd4 4. Nxd4 Nf6 5. Nc3 e6 6. g4 h6 7. h4 Nc6 8. g5 hxg5 9. Bxg5 Qb6 10. Nb3 Bd7 11. Qe2 a6 12. O-O-O Qc7 13. Kb1 O-O-O 14. Be3 Ne5 15. f4 Neg4 16. Ba7 e5 17. f5 Bc6 18. Nd5 Bxd5 19. exd5 Kd7 20. Rh3 Rc8 21. Bg1 Be7 22. c4 Ke8 23. c5 Qd7 24. c6 Qxf5+ 25. Ka1 b5 26. a4 Nh5 27. Qe1 Nf4 28. Rh1 Qc2 29. Ka2 1/2-1/2

[Event "Quebec op"]
[Site "Montreal CAN"]
[Date "2012.07.28"]
[Round "9"]
[White "He, Shao Hang"]
[Black "Barre, Michel"]
[Result "0-1"]
[WhiteElo "1607"]
[BlackElo "1882"]
[PlyCount "118"]
[GameId "2160767909442217"]
[EventDate "2012.07.21"]
[EventType "swiss"]
[EventRounds "9"]
[EventCountry "CAN"]
[SourceTitle "hb 2012"]

1. d4 d5 2. c4 e6 3. Nf3 Nf6 4. Bg5 c6 5. e3 Nbd7 6. Nc3 Qa5 7. a3 Ne4 8. Qa4 Qxa4 9. Nxa4 dxc4 10. Nc3 Nxc3 11. bxc3 b5 12. Bf4 Nb6 13. Kd2 f6 14. h4 Bb7 15. Be2 Kd7 16. Rhg1 Be7 17. g4 a6 18. g5 Rhg8 19. g6 h6 20. h5 Nd5 21. Bg3 Rgc8 22. Rgb1 Nb6 23. Bd1 Bd6 24. Bxd6 Kxd6 25. Nh4 Kc7 26. f4 Re8 27. Bc2 Rad8 28. Be4 Bc8 29. Kc2 Nd5 30. Re1 Ne7 31. Rad1 Bb7 32. f5 exf5 33. Bxf5 Bc8 34. e4 Bxf5 35. Nxf5 Nxf5 36. exf5 Rxe1 37. Rxe1 Kd7 38. Kd2 Re8 39. Rxe8 Kxe8 40. Ke3 Kd7 41. Kf4 Kd6 42. Ke4 c5 43. dxc5+ Kxc5 44. Ke3 Kd5 45. Kf4 a5 46. Kf3 Ke5 47. Ke3 a4 48. Kf3 Kxf5 49. Ke3 Ke5 50. Kf3 f5 51. Ke3 f4+ 52. Kf3 Kf5 53. Kf2 Ke4 54. Ke2 f3+ 55. Kf2 Kf4 56. Kf1 Ke3 57. Ke1 Kd3 58. Kf2 Kxc3 59. Kxf3 Kd2 0-1

[Event "Quebec op"]
[Site "Montreal CAN"]
[Date "2012.07.28"]
[Round "9"]
[White "Jiang, Louie"]
[Black "Qin, Zi Yi (Joey)"]
[Result "1/2-1/2"]
[WhiteElo "2327"]
[BlackElo "2198"]
[PlyCount "64"]
[GameId "2160767909442218"]
[EventDate "2012.07.21"]
[EventType "swiss"]
[EventRounds "9"]
[EventCountry "CAN"]

1. e4 c5 2. Nc3 Nc6 3. Nge2 g6 4. d4 cxd4 5. Nxd4 Bg7 6. Be3 Nf6 7. Be2 O-O 8. Nb3 d6 9. O-O a6 10. f4 Be6 11. h3 Rc8 12. Qe1 Nd7 13. Rd1 Nb4 14. Bd3 Nxd3 15. cxd3 Bxb3 16. axb3 e6 17. b4 d5 18. exd5 exd5 19. Nxd5 Bxb2 20. Qf2 Bg7 21. f5 Nf6 22. Nb6 Rc6 23. Nc4 Nd5 24. Bc5 Nc3 25. d4 Rxc5 26. bxc5 Bxd4 27. Rxd4 Qxd4 28. Qxd4 Ne2+ 29. Kf2 Nxd4 30. Nd6 gxf5 31. Nxb7 Rc8 32. Ke3 Ne6 1/2-1/2

[Event "Quebec op"]
[Site "Montreal CAN"]
[Date "2012.07.28"]
[Round "9"]
[White "Kovalyov, Anton"]
[Black "Bruzon Batista, Lazaro"]
[Result "1/2-1/2"]
[WhiteElo "2614"]
[BlackElo "2711"]
[PlyCount "35"]
[GameId "2160767909442219"]
[EventDate "2012.07.21"]
[EventType "swiss"]
[EventRounds "9"]
[EventCountry "CAN"]
[SourceTitle "CBM 149 Extra"]
[Source "ChessBase"]
[SourceDate "2012.08.24"]
[SourceVersion "1"]
[SourceVersionDate "2012.08.24"]
[SourceQuality "1"]

1. Nf3 Nf6 2. c4 e6 3. g3 d5 4. Bg2 Be7 5. O-O O-O 6. d4 dxc4 7. Qc2 a6 8. Qxc4 b5 9. Qc2 Bb7 10. Bd2 Be4 11. Qc1 Nc6 12. Be3 Rc8 13. Nbd2 Bd5 14. Nb3 h6 15. Rd1 Nb4 16. Nc5 Nxa2 17. Qd2 b4 18. Nxa6 1/2-1/2

[Event "Quebec op"]
[Site "Montreal CAN"]
[Date "2012.07.28"]
[Round "9"]
[White "Libersan, Thierry"]
[Black "Yun, Chang"]
[Result "1/2-1/2"]
[WhiteElo "2153"]
[BlackElo "1988"]
[PlyCount "99"]
[GameId "2160767909442220"]
[EventDate "2012.07.21"]
[EventType "swiss"]
[EventRounds "9"]
[EventCountry "CAN"]
[SourceTitle "hb 2012"]

1. e4 c5 2. Nf3 d6 3. d4 cxd4 4. Qxd4 Nc6 5. Bb5 Bd7 6. Bxc6 bxc6 7. c4 Nf6 8. Nc3 g6 9. h3 Bg7 10. Be3 O-O 11. Qd2 Be6 12. Qe2 Qa5 13. O-O Qb4 14. Rfc1 Bxc4 15. Qd2 Be6 16. a3 Qb7 17. Bh6 Rab8 18. Bxg7 Kxg7 19. b4 h6 20. e5 dxe5 21. Nxe5 Rfd8 22. Qe2 Rbc8 23. Rab1 Nd5 24. Ne4 Bf5 25. Rc5 Nf6 26. f3 Rd5 27. Rbc1 Bxe4 28. fxe4 Rxc5 29. Rxc5 Nd7 30. Nxd7 Qxd7 31. Qc4 e5 32. Qc3 Qd1+ 33. Kh2 Qd4 34. Qxd4 exd4 35. Kg3 Rd8 36. Kf2 Rd6 37. e5 Re6 38. Ra5 g5 39. Kf3 f6 40. Rxa7+ Kg6 41. exf6 Kxf6 42. a4 Re3+ 43. Kf2 Rb3 44. Rc7 Rxb4 45. Rxc6+ Kf5 46. g4+ Kf4 47. Rf6+ Ke5 48. Rxh6 Rxa4 49. Rg6 Ra2+ 50. Kf3 1/2-1/2

[Event "Quebec op"]
[Site "Montreal CAN"]
[Date "2012.07.28"]
[Round "9"]
[White "Luksza, Arkadiusz"]
[Black "Goldner, John"]
[Result "1-0"]
[WhiteElo "2143"]
[BlackElo "1667"]
[PlyCount "47"]
[GameId "2160767909442221"]
[EventDate "2012.07.21"]
[EventType "swiss"]
[EventRounds "9"]
[EventCountry "CAN"]
[SourceTitle "hb 2012"]

1. d4 f5 2. g3 Nf6 3. Bg2 g6 4. Nf3 Bg7 5. O-O O-O 6. c3 d6 7. Nbd2 e6 8. Qb3 c6 9. a4 Na6 10. Re1 Rb8 11. e4 fxe4 12. Nxe4 Nxe4 13. Rxe4 Nc7 14. Bd2 d5 15. Re2 h6 16. Ne5 Qe8 17. Qc2 Kh7 18. h4 Bxe5 19. Rxe5 Kg7 20. Bf4 Qe7 21. h5 Qf7 22. Re3 Na6 23. Be5+ Kh7 24. Rf3 1-0

[Event "Quebec op"]
[Site "Montreal CAN"]
[Date "2012.07.28"]
[Round "9"]
[White "Malveau, Cedric"]
[Black "Trahan, Daniel"]
[Result "0-1"]
[WhiteElo "1951"]
[BlackElo "2095"]
[PlyCount "64"]
[GameId "2160767909442222"]
[EventDate "2012.07.21"]
[EventType "swiss"]
[EventRounds "9"]
[EventCountry "CAN"]
[SourceTitle "hb 2012"]

1. e4 c5 2. Nc3 Nc6 3. g3 g6 4. Bg2 Bg7 5. d3 d6 6. Be3 Rb8 7. Qd2 b5 8. f4 b4 9. Nd1 Qb6 10. Nf3 f5 11. exf5 Bxf5 12. O-O Nh6 13. h3 Nf7 14. g4 Bd7 15. Nh4 Bf6 16. Qf2 e6 17. f5 exf5 18. gxf5 g5 19. Nf3 Nd4 20. Bxd4 cxd4 21. Nd2 Bc6 22. Nc4 Qc5 23. Bxc6+ Qxc6 24. Na5 Qd5 25. Nb3 O-O 26. a3 Ne5 27. axb4 Nc6 28. Qf3 Qxf3 29. Rxf3 Nxb4 30. c3 Nc2 31. Rf2 Nxa1 32. Nxa1 dxc3 0-1

[Event "Quebec op"]
[Site "Montreal CAN"]
[Date "2012.07.28"]
[Round "9"]
[White "Masse, Hugues"]
[Black "Calugar, Arthur"]
[Result "0-1"]
[WhiteElo "2232"]
[BlackElo "2273"]
[PlyCount "82"]
[GameId "2160767909442223"]
[EventDate "2012.07.21"]
[EventType "swiss"]
[EventRounds "9"]
[EventCountry "CAN"]
[SourceTitle "CBM 149 Extra"]
[Source "ChessBase"]
[SourceDate "2012.08.24"]
[SourceVersion "1"]
[SourceVersionDate "2012.08.24"]
[SourceQuality "1"]

1. d4 Nf6 2. c4 g6 3. g3 Bg7 4. Bg2 d5 5. cxd5 Nxd5 6. Nf3 O-O 7. O-O Nb6 8. Nc3 Nc6 9. e3 a5 10. b3 e5 11. Ba3 Re8 12. d5 Nb4 13. e4 f5 14. Ne1 fxe4 15. Bxe4 Bf5 16. f3 Bf8 17. Bb2 Bc5+ 18. Kh1 Bd4 19. d6 c6 20. Nc2 Qxd6 21. g4 Be6 22. Nxd4 exd4 23. Ne2 c5 24. Bxb7 Rab8 25. Be4 Bxg4 26. a3 N4d5 27. Qd3 Be6 28. Bc1 Bf7 29. Bg5 Nd7 30. Rab1 N5f6 31. Ng3 a4 32. Rg1 axb3 33. Nf5 Qe6 34. Bf4 Nxe4 35. fxe4 Rb6 36. e5 Qc6+ 37. Rg2 Bd5 38. Nh6+ Kh8 39. Kg1 Bxg2 40. Nf7+ Kg7 41. Rb2 Kxf7 0-1

[Event "Quebec op"]
[Site "Montreal CAN"]
[Date "2012.07.28"]
[Round "9"]
[White "Nardone, Raul"]
[Black "Sarrazin-Gendron, Roman"]
[Result "1-0"]
[WhiteElo "1870"]
[BlackElo "1938"]
[PlyCount "53"]
[GameId "2160767909442224"]
[EventDate "2012.07.21"]
[EventType "swiss"]
[EventRounds "9"]
[EventCountry "CAN"]
[SourceTitle "hb 2012"]

1. e4 d6 2. d4 Nf6 3. Bd3 e5 4. c3 d5 5. dxe5 Nxe4 6. Bxe4 dxe4 7. Qa4+ Nc6 8. Qxe4 Be6 9. Nf3 Bd5 10. Qe2 Bxf3 11. Qxf3 Qe7 12. O-O O-O-O 13. Qg4+ Kb8 14. Bg5 Qd7 15. e6 fxe6 16. Bxd8 Nxd8 17. Rd1 Bd6 18. Na3 Qf7 19. Rd3 Nc6 20. Rf3 Qe7 21. Nc4 b5 22. Qe4 bxc4 23. Qxc6 Qh4 24. h3 g5 25. Rd1 g4 26. hxg4 Rg8 27. Rxd6 1-0

[Event "Quebec op"]
[Site "Montreal CAN"]
[Date "2012.07.28"]
[Round "9"]
[White "O'Neill, Brendon"]
[Black "Sun, Mike"]
[Result "0-1"]
[WhiteElo "1496"]
[BlackElo "1680"]
[PlyCount "128"]
[GameId "2160767909442225"]
[EventDate "2012.07.21"]
[EventType "swiss"]
[EventRounds "9"]
[EventCountry "CAN"]
[SourceTitle "hb 2012"]

1. e4 c5 2. Nf3 d6 3. d4 cxd4 4. Nxd4 Nf6 5. Nc3 g6 6. f3 Bg7 7. Be3 a6 8. Bc4 Nbd7 9. Qd2 b5 10. Bb3 Bb7 11. a3 h5 12. Nde2 Rc8 13. O-O-O Ne5 14. Nf4 O-O 15. Ncd5 Bxd5 16. Nxd5 Nxd5 17. Bxd5 Nc4 18. Bxc4 Rxc4 19. Bh6 Bxh6 20. Qxh6 Qc7 21. c3 b4 22. axb4 Rxb4 23. g4 Rfb8 24. Rd2 Rxb2 25. Rxb2 Qxc3+ 26. Rc2 Qa1+ 27. Kd2 Qxh1 28. Qf4 Qg2+ 29. Kd3 Rb3+ 30. Rc3 Qf1+ 31. Kc2 Qb1+ 32. Kd2 Rb2+ 33. Ke3 Qg1+ 34. Kd3 Qxh2 35. Qxh2 Rxh2 36. gxh5 Rxh5 37. Kd4 Kf8 38. Rc8+ Kg7 39. Rc6 Ra5 40. Ke3 g5 41. f4 gxf4+ 42. Kxf4 Ra4 43. Rb6 Kg6 44. Ke3 f5 45. exf5+ Kxf5 46. Kd3 Ke5 47. Rb7 e6 48. Rb6 Kd5 49. Kc3 e5 50. Kb3 Ra1 51. Kb2 Ra5 52. Kc3 e4 53. Rb2 Rc5+ 54. Kd2 Ke5 55. Ra2 a5 56. Ke3 d5 57. Ra4 d4+ 58. Kd2 e3+ 59. Kd1 Ke4 60. Ke2 Rc2+ 61. Kd1 e2+ 62. Ke1 Ke3 63. Ra3+ d3 64. Ra1 d2# 0-1

[Event "Quebec op"]
[Site "Montreal CAN"]
[Date "2012.07.28"]
[Round "9"]
[White "Oliva Castaneda, Kevel"]
[Black "Noritsyn, Nikolay"]
[Result "1-0"]
[WhiteElo "2320"]
[BlackElo "2460"]
[PlyCount "105"]
[GameId "2160767909442226"]
[EventDate "2012.07.21"]
[EventType "swiss"]
[EventRounds "9"]
[EventCountry "CAN"]
[SourceTitle "CBM 149 Extra"]
[Source "ChessBase"]
[SourceDate "2012.08.24"]
[SourceVersion "1"]
[SourceVersionDate "2012.08.24"]
[SourceQuality "1"]

1. Nf3 b6 2. g3 Bb7 3. Bg2 g6 4. O-O Bg7 5. c4 Nf6 6. Nc3 O-O 7. d4 Ne4 8. Nxe4 Bxe4 9. d5 Na6 10. Bh3 Bxf3 11. exf3 e6 12. Rb1 c5 13. a3 Bd4 14. Bh6 Re8 15. Qa4 Qc8 16. Rfd1 f5 17. b4 e5 18. b5 Nc7 19. Qc2 d6 20. g4 Qd8 21. g5 a6 22. bxa6 Rxa6 23. Rb3 Qd7 24. Rdb1 Na8 25. Bg2 Qa7 26. Qd3 Nc7 27. h4 Na8 28. h5 Qf7 29. hxg6 hxg6 30. Re1 Re7 31. Re2 Rea7 32. Ra2 Rb7 33. a4 Qd7 34. Rba3 Ra5 35. Bh3 Nc7 36. Re2 Na6 37. f4 Nb4 38. Qb1 Rba7 39. fxe5 dxe5 40. Rf3 Rxa4 41. Bxf5 gxf5 42. Rxf5 Ra8 43. Qe4 Ra1+ 44. Kg2 Qh7 45. Qf3 Qe7 46. g6 R1a3 47. Qh5 R3a7 48. Rf7 Nd3 49. Rxe7 Rxe7 50. d6 Rg7 51. Qf5 Nf4+ 52. Bxf4 exf4 53. Qd5+ 1-0

[Event "Quebec op"]
[Site "Montreal CAN"]
[Date "2012.07.28"]
[Round "9"]
[White "Panjwani, Raja"]
[Black "Bojkov, Dejan"]
[Result "1-0"]
[WhiteElo "2392"]
[BlackElo "2556"]
[PlyCount "137"]
[GameId "2160767909442227"]
[EventDate "2012.07.21"]
[EventType "swiss"]
[EventRounds "9"]
[EventCountry "CAN"]
[SourceTitle "CBM 149 Extra"]
[Source "ChessBase"]
[SourceDate "2012.08.24"]
[SourceVersion "1"]
[SourceVersionDate "2012.08.24"]
[SourceQuality "1"]

1. d4 Nf6 2. c4 g6 3. Nc3 Bg7 4. e4 O-O 5. Be2 d6 6. Nf3 e5 7. O-O exd4 8. Nxd4 Re8 9. f3 c6 10. Kh1 Nbd7 11. Nc2 Nb6 12. Bf4 Be6 13. Ne3 d5 14. cxd5 cxd5 15. Nb5 Nh5 16. Bc7 Qe7 17. Bd6 Qd7 18. e5 Nc8 19. f4 a6 20. Nc7 Nxd6 21. exd6 d4 22. f5 gxf5 23. Nc4 Nf6 24. Nxa8 Rxa8 25. Nb6 Qxd6 26. Nxa8 Qd8 27. Rc1 Nd5 28. Bc4 Qxa8 29. Bxd5 Bxd5 30. Rxf5 Be6 31. Rg5 Qd8 32. Qh5 Qf6 33. Rgc5 Bh6 34. Rd1 Be3 35. Qe5 Qf2 36. Qe4 Qxb2 37. Rf1 Qxa2 38. Rh5 h6 39. Qxb7 Qe2 40. Qf3 Qxf3 41. Rxf3 Bc4 42. Re5 Kg7 43. Rfxe3 dxe3 44. Rxe3 Kg6 45. Kg1 Kg7 46. Kf2 Kg6 47. Kg3 Kg5 48. Re5+ Kf6 49. Kf4 Kg6 50. g3 Kg7 51. Rc5 Bb5 52. Ke5 Kg6 53. Kd6 Kf6 54. Rc2 h5 55. Rf2+ Kg6 56. Ke5 Bc4 57. Rf4 Bb5 58. h4 a5 59. Rf6+ Kg7 60. Rf5 a4 61. Rg5+ Kh6 62. Kf6 Bc4 63. Ra5 Bb3 64. Ra6 Kh7 65. Ra8 Be6 66. Rxa4 Kh6 67. Ra7 Bg4 68. Kxf7 Be2 69. Kf6 1-0

[Event "Quebec op"]
[Site "Montreal CAN"]
[Date "2012.07.28"]
[Round "9"]
[White "Perez Garcia, Rodney Oscar"]
[Black "Rozentalis, Eduardas"]
[Result "1/2-1/2"]
[WhiteElo "2412"]
[BlackElo "2600"]
[PlyCount "79"]
[GameId "2160767909442228"]
[EventDate "2012.07.21"]
[EventType "swiss"]
[EventRounds "9"]
[EventCountry "CAN"]
[SourceTitle "CBM 149 Extra"]
[Source "ChessBase"]
[SourceDate "2012.08.24"]
[SourceVersion "1"]
[SourceVersionDate "2012.08.24"]
[SourceQuality "1"]

1. e4 g6 2. d4 Bg7 3. Nc3 d6 4. Nf3 Nf6 5. Be2 O-O 6. O-O Bg4 7. h3 Bxf3 8. Bxf3 Nc6 9. Ne2 Nd7 10. c3 e5 11. Be3 Ne7 12. g3 c6 13. Bg2 d5 14. dxe5 Nxe5 15. Bc5 Re8 16. Bxe7 Qxe7 17. exd5 Rad8 18. Nf4 Nc4 19. Re1 Qxe1+ 20. Qxe1 Rxe1+ 21. Rxe1 Nxb2 22. dxc6 bxc6 23. Bxc6 Bxc3 24. Re8+ Rxe8 25. Bxe8 Bd4 26. Bb5 Nd1 27. Nd3 Kg7 28. Kg2 f5 29. h4 Kf6 30. Bc4 Nc3 31. Bb3 Ne4 32. f3 Nd2 33. Bd5 h6 34. g4 f4 35. a4 g5 36. hxg5+ hxg5 37. Ba2 Ke7 38. Nf2 Kd6 39. Ne4+ Nxe4 40. fxe4 1/2-1/2

[Event "Quebec op"]
[Site "Montreal CAN"]
[Date "2012.07.28"]
[Round "9"]
[White "Piasetski, Leon"]
[Black "Kraiouchkine, Nikita"]
[Result "1/2-1/2"]
[WhiteElo "2290"]
[BlackElo "2204"]
[PlyCount "107"]
[GameId "2160767909442229"]
[EventDate "2012.07.21"]
[EventType "swiss"]
[EventRounds "9"]
[EventCountry "CAN"]
[SourceTitle "CBM 149 Extra"]
[Source "ChessBase"]
[SourceDate "2012.08.24"]
[SourceVersion "1"]
[SourceVersionDate "2012.08.24"]
[SourceQuality "1"]

1. c4 c6 2. Nf3 d5 3. e3 Nf6 4. d4 g6 5. Bd3 Bg7 6. O-O O-O 7. h3 dxc4 8. Bxc4 b5 9. Bd3 Bb7 10. Qe2 Nbd7 11. e4 Qc7 12. e5 Nd5 13. Nc3 N7b6 14. Ne4 Nb4 15. Bb1 Na6 16. Bd2 c5 17. Rc1 c4 18. b3 Rac8 19. a4 bxa4 20. bxc4 Qc6 21. Bd3 Nb8 22. Bb4 Qc7 23. Ba3 Nc6 24. Nc5 Ba8 25. Rab1 Rfd8 26. Na6 Nxd4 27. Nxd4 Qd7 28. Bb2 Qb7 29. f3 a3 30. Ba1 Qxa6 31. c5 Qa5 32. Nb3 Qa4 33. cxb6 a2 34. Rb2 Rxc1+ 35. Nxc1 Qd4+ 36. Kh1 Qc3 37. Qd2 Qxd2 38. Rxd2 Bh6 39. Rxa2 Bxc1 40. Rxa7 Be3 41. Rxe7 Kf8 42. Ra7 Bxb6 43. Ra6 Bc5 44. Bc4 Bd5 45. Bxd5 Rxd5 46. Kh2 Bf2 47. Bc3 h5 48. Ra2 Be3 49. Re2 Rd3 50. Bb4+ Ke8 51. h4 Kd7 52. Be1 Ke6 53. Bg3 Bd4 54. Re1 1/2-1/2

[Event "Quebec op"]
[Site "Montreal CAN"]
[Date "2012.07.28"]
[Round "9"]
[White "Prahov, Valentin"]
[Black "Voskanyan, Vahagn"]
[Result "1-0"]
[WhiteElo "2209"]
[BlackElo "2240"]
[PlyCount "95"]
[GameId "2160767909442230"]
[EventDate "2012.07.21"]
[EventType "swiss"]
[EventRounds "9"]
[EventCountry "CAN"]

1. e4 d5 2. exd5 Nf6 3. Bb5+ Bd7 4. Be2 Nxd5 5. d4 g6 6. Nf3 Bg7 7. O-O O-O 8. c4 Nb6 9. Nc3 Bc8 10. Be3 Nc6 11. h3 e5 12. d5 Ne7 13. Qd2 Nf5 14. c5 Nd7 15. b4 Re8 16. Rad1 e4 17. Nd4 Nxd4 18. Bxd4 Nf6 19. Bc4 Bf5 20. Rfe1 Qc8 21. Qf4 Nh5 22. Qe3 Nf6 23. Ne2 a6 24. Ng3 Rf8 25. Qf4 Qd7 26. a3 Rad8 27. Bxf6 Bxf6 28. Nxe4 Bg7 29. d6 Bxe4 30. Rxe4 Qa4 31. Rd3 cxd6 32. cxd6 Kh8 33. Re7 b5 34. Bxf7 Qc2 35. Qf3 Qb2 36. g3 Bf6 37. Ra7 Qe5 38. Qd5 Qa1+ 39. Kg2 Qb2 40. Re7 Bg7 41. d7 Bf6 42. Re8 Kg7 43. Rxd8 Bxd8 44. Rf3 Bb6 45. h4 Bd8 46. h5 Bf6 47. Be8 g5 48. d8=Q 1-0

[Event "Quebec op"]
[Site "Montreal CAN"]
[Date "2012.07.28"]
[Round "9"]
[White "Ramaswamy, Kiran"]
[Black "Zhang, Yuanchen"]
[Result "1/2-1/2"]
[WhiteElo "2037"]
[BlackElo "1987"]
[PlyCount "80"]
[GameId "2160767909442231"]
[EventDate "2012.07.21"]
[EventType "swiss"]
[EventRounds "9"]
[EventCountry "CAN"]
[SourceTitle "hb 2012"]

1. c4 Nf6 2. Nf3 e6 3. g3 b6 4. Bg2 Bb7 5. O-O Be7 6. Nc3 O-O 7. d3 c5 8. Rb1 d5 9. e3 Nbd7 10. a3 a6 11. b4 Qc7 12. bxc5 Nxc5 13. cxd5 Nxd5 14. Nxd5 Bxd5 15. d4 Be4 16. Ra1 Nd7 17. Bb2 Rac8 18. Rc1 Qb7 19. Ne1 Bxg2 20. Nxg2 Rxc1 21. Qxc1 b5 22. Bc3 Nb6 23. Bb4 Rc8 24. Qd2 Nc4 25. Qd3 a5 26. Bxe7 Qxe7 27. Rc1 Qd7 28. a4 Nd6 29. Rxc8+ Qxc8 30. axb5 Qc1+ 31. Qf1 Qb2 32. Nf4 Qxb5 33. Qxb5 Nxb5 34. Nd3 Kf8 35. Kf1 Ke7 36. Ke2 f6 37. Nc5 e5 38. dxe5 fxe5 39. Kd3 Nd6 40. f4 exf4 1/2-1/2

[Event "Quebec op"]
[Site "Montreal CAN"]
[Date "2012.07.28"]
[Round "9"]
[White "Robidas, Francois"]
[Black "Lopez Linares, Lizandro"]
[Result "1-0"]
[WhiteElo "1994"]
[BlackElo "2096"]
[PlyCount "83"]
[GameId "2160767909442232"]
[EventDate "2012.07.21"]
[EventType "swiss"]
[EventRounds "9"]
[EventCountry "CAN"]
[SourceTitle "EXT 2022"]
[Source "ChessBase"]
[SourceDate "2021.10.06"]
[SourceVersion "1"]
[SourceVersionDate "2021.10.06"]
[SourceQuality "1"]

1. Nf3 e6 2. d4 c5 3. e3 Nf6 4. c4 b6 5. Nc3 Bb7 6. d5 exd5 7. cxd5 d6 8. Be2 a6 9. a4 Nbd7 10. O-O g6 11. b3 Bg7 12. Bb2 O-O 13. Qd2 Re8 14. Rad1 Qc7 15. Qc2 Re7 16. e4 Rae8 17. Nd2 Ne5 18. h3 g5 19. f4 gxf4 20. Rxf4 Ng6 21. Rxf6 Bxf6 22. Nb5 Bd4+ 23. Bxd4 axb5 24. Bxb5 Bc6 25. Bf6 Bxb5 26. axb5 Re5 27. Rf1 Qd7 28. Qd3 h6 29. g4 h5 30. Qe3 Kh7 31. Rf5 Rxf5 32. gxf5 Rg8 33. Kf2 Ne5 34. Qe2 Kh6 35. Nf1 Qe8 36. Ng3 Rxg3 37. Kxg3 Nd7 38. Qe3+ Kh7 39. Qg5 Nxf6 40. Qxf6 Kg8 41. Qg5+ Kf8 42. f6 1-0